| 000 | 00719nam a22002057a 4500 | ||
|---|---|---|---|
| 999 |
_c416 _d416 |
||
| 003 | AR-CdUCM | ||
| 008 | 190223b ||||| |||| 00| 0 spa d | ||
| 020 | _a9786120006030 | ||
| 040 |
_aMUNICIPALIDAD PROVINCIAL DEL CUSCO _cBIBLIOTECA MUNICIPAL DEL CUSCO |
||
| 082 |
_a869.56 / _bA65 |
||
| 100 |
_aAragonez Goytizolo, Germán Luciano _91645 |
||
| 245 |
_aPoemas ven / _cGermán Luciano Aragonez Goytizolo |
||
| 260 |
_aCusco : _bRGV Representaciones, _c2011. |
||
| 300 |
_a56 paginas ; _c21 cm. |
||
| 505 | _aSer humano -- Canción a la vida -- Despertad sur -- Como un jaguar -- Voz de pachakuti ... | ||
| 650 |
_aPoesías peruanas _91481 |
||
| 650 |
_aSiglo XX. _98 |
||
| 942 |
_2ddc _cLIBROS |
||
| 945 |
_aacv _d2019-02-23 |
||